Switzerland for beginners

Đã lưu trong:
Bibliografiske detaljer
Hovedforfatter: Mikes, George
Format: Bog
Sprog:Undetermined
Udgivet: London Andre Deutsch 1962
Fag:
Tags: Tilføj Tag
Ingen Tags, Vær først til at tagge denne postø!
Thư viện lưu trữ: Trung tâm Học liệu Trường Đại học Cần Thơ
LEADER 00477nam a2200193Ia 4500
001 CTU_85086
008 210402s9999 xx 000 0 und d
082 |a 914.94 
082 |b M636 
100 |a Mikes, George 
245 0 |a Switzerland for beginners 
245 0 |c George Mikes 
260 |a London 
260 |b Andre Deutsch 
260 |c 1962 
650 |a Travels 
650 |z Switzerland 
904 |i Năm 
980 |a Trung tâm Học liệu Trường Đại học Cần Thơ